Sports Quiz

Random Sports or NFL Quiz

NFL Top 5 Fantasy RBs by Week (2013) Quiz Stats

 Plays Quiz not verified by Sporcle

Score 0/84 Timer 08:00
0 Plays Today
Hint Answer % Correct
Week 1Adrian Peterson
99.3%
Week 2Marshawn Lynch
99.3%
Week 4Adrian Peterson
99.3%
Week 6Marshawn Lynch
99.3%
Week 9Adrian Peterson
99.3%
Week 10Marshawn Lynch
99.3%
Week 10Adrian Peterson
99.3%
Week 11Marshawn Lynch
99.3%
Week 13Adrian Peterson
99.3%
Week 1LeSean McCoy
98.6%
Week 2LeSean McCoy
98.6%
Week 3LeSean McCoy
98.6%
Week 11LeSean McCoy
98.6%
Week 14LeSean McCoy
98.6%
Week 16LeSean McCoy
98.6%
Week 6Jamaal Charles
97.9%
Week 1Jamaal Charles
97.9%
Week 3Jamaal Charles
97.9%
Week 5Jamaal Charles
97.9%
Week 12Jamaal Charles
97.9%
Week 14Jamaal Charles
97.9%
Week 15Jamaal Charles
97.9%
Week 3DeMarco Murray
97.1%
Week 13DeMarco Murray
97.1%
Week 16DeMarco Murray
97.1%
Week 3Matt Forte
96.4%
Week 7Matt Forte
96.4%
Week 9Matt Forte
96.4%
Hint Answer % Correct
Week 14Matt Forte
96.4%
Week 8Eddie Lacy
95.7%
Week 12Eddie Lacy
95.7%
Week 15Eddie Lacy
95.7%
Week 16Eddie Lacy
95.7%
Week 1Reggie Bush
92.9%
Week 4Reggie Bush
92.9%
Week 4Arian Foster
92.9%
Week 5Fred Jackson
92.9%
Week 13Reggie Bush
92.9%
Week 7Frank Gore
92.1%
Week 8Frank Gore
92.1%
Week 5Ray Rice
88.6%
Week 11Ray Rice
88.6%
Week 1Joique Bell
87.9%
Week 3Joique Bell
87.9%
Week 16Joique Bell
87.9%
Week 2Giovani Bernard
85.7%
Week 7Chris Johnson
85%
Week 9Chris Johnson
85%
Week 10Mark Ingram
85%
Week 2Knowshon Moreno
84.3%
Week 5Knowshon Moreno
84.3%
Week 6Knowshon Moreno
84.3%
Week 8Knowshon Moreno
84.3%
Week 12Knowshon Moreno
84.3%
Week 15DeAngelo Williams
84.3%
Week 7Ryan Mathews
83.6%
Hint Answer % Correct
Week 13C.J. Spiller
82.9%
Week 3Ahmad Bradshaw
80.7%
Week 5Pierre Thomas
78.6%
Week 10Pierre Thomas
78.6%
Week 8Darren McFadden
77.9%
Week 6Stevan Ridley
75.7%
Week 12Maurice Jones-Drew
75.7%
Week 2James Starks
75%
Week 14Shane Vereen
73.6%
Week 4Darren Sproles
72.9%
Week 10Darren Sproles
72.9%
Week 15Matt Asiata
71.4%
Week 9Zac Stacy
68.6%
Week 8Andre Ellington
67.1%
Week 9Rashad Jennings
62.1%
Week 11Rashad Jennings
62.1%
Week 15Rashad Jennings
62.1%
Week 4Danny Woodhead
60.7%
Week 12Danny Woodhead
60.7%
Week 13Ben Tate
60.7%
Week 11Donald Brown
60%
Week 16Donald Brown
60%
Week 6Brandon Jacobs
53.6%
Week 11Bobby Rainey
53.6%
Week 7Roy Helu
52.1%
Week 7Jacquizz Rodgers
48.6%
Week 14Marcel Reece
33.6%
Week 3Jason Snelling
17.9%

You're not logged in!

Compare scores with friends on all Sporcle quizzes.
OR
Log In

Sporcle TV

Today on Sporcle TV


Watch our educational content, quiz creation guides, and fun videos on Sporcle TV.

Show Comments

Extras

Top Quizzes Today


Score Distribution

Your Account Isn't Verified!

In order to create a playlist on Sporcle, you need to verify the email address you used during registration. Go to your Sporcle Settings to finish the process.

Report this User

Report this user for behavior that violates our Community Guidelines.

Details: